| 000 | 00701nam a22001577a 4500 | ||
|---|---|---|---|
| 003 | OSt | ||
| 005 | 20150920150651.0 | ||
| 008 | 150920b xxu||||| |||| 00| 0 eng d | ||
| 040 | _cRUA | ||
| 082 | _aAGR HEN 2006 BO33 Or.1 | ||
| 100 |
_9948 _aHENG,CHANMONICA |
||
| 245 | _aCOMPARATIVE STUDY OF TOW RICE CULTIVATION METHODS IN TRAMKAK DISTRICT, TAKEO PROVINCE,(កសិក្សាប្រៀបធៀបវិធីសាស្រ្តពីរយ៉ាង ក្នុងការដាំដុះដំណាំស្រូវ នៅស្រុកត្រាំកក់ ខេត្តតាកែវ). | ||
| 260 |
_aPHNOM PHEN _bRUA _c2006 |
||
| 300 |
_aXI,47P. _bILL. _c29CM. |
||
| 942 |
_2ddc _cAGR |
||
| 999 |
_c913 _d913 |
||